National Defence College Pakistan Year Book 2003-2004 (Record no. 213324)
[ view plain ]
| 000 -LEADER | |
|---|---|
| fixed length control field | 00371 a2200145 4500 |
| 003 - CONTROL NUMBER IDENTIFIER | |
| control field | Nust |
| 005 - DATE AND TIME OF LATEST TRANSACTION | |
| control field | 20170207165831.0 |
| 040 ## - CATALOGING SOURCE | |
| Transcribing agency | Nust |
| 082 ## - DEWEY DECIMAL CLASSIFICATION NUMBER | |
| Classification number | 355.30395 |
| 100 ## - MAIN ENTRY--PERSONAL NAME | |
| Personal name | Ghazi, Tariq Waseem |
| 245 ## - TITLE STATEMENT | |
| Title | National Defence College Pakistan Year Book 2003-2004 |
| Statement of responsibility, etc. | Lt Gen Tariq Waseem Ghazi, |
| 260 ## - PUBLICATION, DISTRIBUTION, ETC. | |
| Place of publication, distribution, etc. | Pakistan |
| Name of publisher, distributor, etc. | NDC |
| Date of publication, distribution, etc. | 2004 |
| 300 ## - PHYSICAL DESCRIPTION | |
| Extent | 240 p |
| 651 ## - SUBJECT ADDED ENTRY--GEOGRAPHIC NAME | |
| Geographic name | Year Book 2003-2004 |
| 942 ## - ADDED ENTRY ELEMENTS (KOHA) | |
| Koha item type | |
| Withdrawn status | Lost status | Source of classification or shelving scheme | Damaged status | Not for loan | Collection code | Permanent Location | Current Location | Date acquired | Total Checkouts | Full call number | Barcode | Date last seen | Price effective from | Koha item type |
|---|---|---|---|---|---|---|---|---|---|---|---|---|---|---|
| Military College of Signals (MCS) | Military College of Signals (MCS) | 12/12/2016 | 355.30395 NAT | MCSP 48/24 | 12/08/2016 | 12/12/2016 | Book |
